Hudobný festival, na ktorom zvykný hrať skromné hviezdy Kultúra

Bibliographic Details
Main Author: Repčiak, Tomáš, 1972- (Author)
Format: Article
Language:Slovak
PhysicalDescription:2 foto
ISSN:1335-759X
Subjects:

MARC

LEADER 00000nab a2200000 a 4500
001 vtls001015987
003 SK-MaSNL
005 20260303210309.0
008 040720e19991009xo 0 slo
035 |a SN1938 
040 |a SNSK  |b slo  |c SNSK  |e AACR2 
041 0 |a slo 
044 |a xo  |c SK 
080 |a 78  |2 1981 
080 |a 7.091.4  |2 1981 
100 1 |a Repčiak, Tomáš,  |d 1972-  |4 aut  |9 103262 
245 1 0 |a Hudobný festival, na ktorom zvykný hrať skromné hviezdy  |b Kultúra 
300 |b 2 foto 
611 1 7 |a Musica nobilis  |2 SNSK  |9 1241813 
650 0 7 |a hudobné festivaly  |2 SNSK  |9 2958 
651 7 |a Spišská Nová Ves (Slovensko)  |2 SNSK  |9 28800 
651 7 |a SN,  |2 SNSK  |9 1021277 
655 7 |a periodikum  |2 snkbucl  |9 29553 
773 0 8 |t Spišský denník  |g Roč. 1, č.156, 9.10.1999, s. 9  |x 1335-759X 
852 |a ZVYKNI  |b KIS3GCP 
999 |c 2199697  |d 2201627